| 000 | 02070nam a22001577a 4500 | ||
|---|---|---|---|
| 041 | _aukr | ||
| 080 | _a09 | ||
| 090 | _bПРО | ||
| 100 | _aПрошкіна, Ю. О. | ||
| 245 | _aПрагматичні аспекти використання соматизмів у американських публіцистичних текстах | ||
| 260 |
_aОстрог _bКАФ _c2004 |
||
| 300 | _a47 | ||
| 520 |
_aРозділ 1. Мовний аспект характеристики публіцистичного стилю
1.1 Лексичні та стилістичні особливості публіцистичних текстів
1.1.1 Функції та вживання фразеологічних одиниць у публіцистичних текстах на прикладі соматизмів
1.1.2 Використання неологізмів у публіцистичних текстах
1.1.3 Використання оказіоналізмів
1.1.4 Використання спеціальної лексики, зокрема термінів
1.1.5 Використання сленгу у публіцистичних текстах
1.1.6 Використання кліше у публіцистичних текстах
Розділ 2. Прагматичний аспект використання соматизмів у публіцистичних текстах
2.1 Соматизми на позначення руки
2.2 Соматизми на позначення серця
2.3 Соматизми на позначення обличчя
2.4 Соматизми на позначення голови
2.5 Соматизми на позначення ока
2.6 Соматизми на позначення мозку
2.7 Соматизми на позначення пальця
2.8 Соматизми на позначення кістки
2.9 Соматизми на позначення ноги _0стилістика, лексикология, соматизми |
||
| 650 | _aResearch Papers | ||
| 999 |
_c282601 _d282601 |
||
| 942 | _cBK | ||